| 000 | 00628nam a2200205Ia 4500 | ||
|---|---|---|---|
| 003 | GCL | ||
| 008 | 140319s9999 xx 000 0 ara d | ||
| 040 |
_aGCL / _cGCL |
||
| 082 | 0 | 4 |
_aق _b301.20932 _bح ا |
| 100 | 1 | _aحامد سعيد | |
| 245 | 1 | 0 |
_aاساسيات الشخصية المصرية / _cحامد سعيد |
| 700 | 1 | _aعبدالفتاح عيد | |
| 700 | 1 | _aاحسان خليل | |
| 300 | _a200 ص | ||
| 490 |
_aالمدرسة المصرية فى الفن والحياة _v0 |
||
| 650 | 0 | 4 | _aمصر القديمة |
| 650 | 0 | 4 | _aالتاريخ |
| 650 | 0 | 4 | _aالحضارة الفرعونية |
| 942 |
_2ddc _cBK |
||
| 999 |
_c52185 _d52185 |
||